00749nam a2200253Ia 4500001000700000003000500007005001700012008004100029010001100070020001800081040000900099082002100108100002500129245009100154250001100245260005600256300001600312500003900328503001400367504003100381650002500412650002000437700003800457dia_61CHAP20221202135020.0220117s1995 xx 000 0 und d a170494 a968-880-530-0 cCHAP a658.562 B47 1995 aBesterfield, Dale H. aControl de calidad /c Dale H. Besterfield ; traducción Raúl Bautista Gutiérrez a4a ed. aMéxico :b Prentice Hall Hispanoamericana,c1995 axii, 507 p. aTítulo original: Quality control aI. 205875 aBibliografía: p. 483-484 aControl de calidad  aQuality control aBautista Gutiérrez, Raúl, tr.